| 000 | 00520cam a2200145 a 4500 | ||
|---|---|---|---|
| 020 | _a0471575437 | ||
| 050 | 0 | 0 |
_aHB172.5 _b.B36 1993 |
| 100 | 1 | _aBarro, Robert J. | |
| 245 | 1 | 0 |
_aMacroeconomics / _cRobert J. Barro. |
| 250 | _a4th ed. | ||
| 260 |
_aNew York : _bWiley, _cc1993. |
||
| 300 | _axxi, 599, 14 p. : | ||
| 500 | _aSystem requirements for computer disk: IBM-PC or compatible system with 386 or higher microprocessor; DOS; Microsoft Windows; 2.4MB of hard drive space; EGA or VGA color monitor. | ||
| 942 |
_2lcc _cGEN |
||
| 999 |
_c5288 _d5288 |
||